| 000 | 00550nam a2200169Ia 4500 | ||
|---|---|---|---|
| 999 |
_c7580 _d7580 |
||
| 003 | OSt | ||
| 005 | 20200514110951.0 | ||
| 008 | 190216s9999||||xx |||||||||||||| ||und|| | ||
| 040 | _coclc | ||
| 082 |
_a336.2 _bVEN/I |
||
| 100 | 1 |
_aVenugopalan, K. _9874 |
|
| 245 | 0 |
_aIncome Tax 2010-2011 / _cDr. K Venugopalan; Abdul Assis Koroth |
|
| 260 |
_bCalicut University Central Co-Operative, _c2010. _aCalicut University: |
||
| 300 | _a346p | ||
| 650 | 0 |
_aSocial sciences _vEconomics _91086 |
|
| 942 |
_cBK _2ddc _h336.2 _iVEN/I _k336.2 _mVEN/I |
||